000 00433nam a2200181Ia 4500
005 20250603145527.0
008 250603s9999 xx 000 0 und d
020 _a9781496355393
050 _aRD 31 .P63/
100 _aEdited by Daniel B. Jones...[et al.].
245 0 _aPocket surgery
250 _a2nd ed.
260 _aPhiladelphia
260 _bWolters Kluwer
260 _c2018
650 _aPhiladelphia
942 _cBK
999 _c42121
_d42121